| 000 | 00352nam a2200145Ia 4500 | ||
|---|---|---|---|
| 005 | 20251222144818.0 | ||
| 008 | 251222s9999||||xx |||||||||||||| ||spa|| | ||
| 020 | _a978-84-9835-110-1 | ||
| 082 | _a796.01/C86 | ||
| 100 | _aCox, Richard H. | ||
| 245 | 0 | _aPsicología del Deporte: | |
| 250 | _a6a.ed. | ||
| 264 | _bMédica Panamericana | ||
| 942 | _cLIB | ||
| 999 |
_c20363 _d20363 |
||